| 000 | 01207nam a2200325 a 4500 | ||
|---|---|---|---|
| 001 | ebr10728751 | ||
| 003 | CaPaEBR | ||
| 006 | m o u | ||
| 007 | cr cn||||||||| | ||
| 008 | 130716s2007 gw sb 000 0 eng d | ||
| 020 | _z9783938793381 | ||
| 020 | _z3938793384 | ||
| 020 | _z9783110328011 | ||
| 020 | _z9783110328349 (e-book) | ||
| 040 |
_aCaPaEBR _cCaPaEBR |
||
| 035 | _a(OCoLC)854569163 | ||
| 050 | 1 | 4 |
_aBD372 _b.S83 2007eb |
| 245 | 0 | 0 |
_aSubjectivity, process, and rationality _h[electronic resource] / _cMichel Weber, Pierfrancesco Basile, (eds.). |
| 260 |
_aFrankfurt : _bOntos Verlag, _c2007. |
||
| 300 | _a353 p. | ||
| 440 | 0 |
_aProcess thought ; _vv. 14 |
|
| 504 | _aIncludes bibliographical references. | ||
| 533 |
_aElectronic reproduction. _bPalo Alto, Calif. : _cebrary, _d2013. _nAvailable via World Wide Web. _nAccess may be limited to ebrary affiliated libraries. |
||
| 650 | 0 | _aProcess philosophy. | |
| 655 | 7 |
_aElectronic books. _2local |
|
| 700 | 1 | _aWeber, Michel. | |
| 700 | 1 | _aBasile, Pierfrancesco. | |
| 710 | 2 | _aebrary, Inc. | |
| 856 | 4 | 0 |
_uhttp://site.ebrary.com/lib/rucke/Doc?id=10728751 _zAn electronic book accessible through the World Wide Web; click to view |
| 999 |
_c37325 _d37325 |
||